000
00270nam a2200121Ia 4500
008
190216s9999||||xx |||||||||||||| ||und||
100
_a
Mohana Varma K L
245
0
_a
Yruthu Sandhi
260
_b
Poorna Pubs Kozhikode
300
_a
149
650
_a
Novel
942
_c
BK
999
_c
27396
_d
27396